000
00461nam a2200181Ia 4500
008
100917s9999 xx 000 0 und d
082
_b
14804
100
_a
भिडे भि. गो.
245
_a
रत्नमाला
260
_b
---
_c
1922
300
_a
324
365
_b
3
520
_a
कादंबरी
630
_a
रत्नमाला
650
_a
कादंबरी
730
_a
रत्नमाला
942
_c
BOOK
999
_c
620198
_d
620195